| 000 | 00370nam a2200145Ia 4500 | ||
|---|---|---|---|
| 008 | 230312s9999||||xx |||||||||||||| ||und|| | ||
| 082 |
_a330 _bWIT |
||
| 100 | _aA. Witztum | ||
| 245 | 0 | _aIntroduction to economics | |
| 260 |
_bUniversity of London _aLondon _c2002 |
||
| 300 | _a428 | ||
| 546 | _aEng. | ||
| 650 |
_aEconomics _vIntroduction, Technical Perface |
||
| 942 | _cBK | ||
| 999 |
_c2573 _d2573 |
||